000 00624nam a22002057a 4500
005 20230628073027.0
008 230427b |||||||| |||| 00| 0 eng d
020 _a9780198555674
_qPaperback
040 _aCBULib
_cCBULib
041 _aeng
050 _aQD 96.N8 San
100 _aSander, Jeremy K. M.
245 _aModern NMR spectroscopy : a guide for chemists
_c/ by Jeremy K.M. Sanders
250 _aSecond Edition
260 _aNew York,
_bOxford University,
_c1993
300 _axiv, 314 pages : illustrations
650 _aNUCLEAR MAGNETIC RESONANCE SPECTROSCOPY
700 _aHunter, Brian K.
942 _c002
999 _c77447
_d77447